[Event "ZN-2011-0-01592"]
[Site "LSS email"]
[Date "2011.06.28"]
[Round "?"]
[White "Padilla, Narciso"]
[Black "Mityaev, Sergey Petrovich"]
[Result "0-1"]
[WhiteElo "800"]
[BlackElo "1333"]
[PlyCount "48"]
[EventDate "2011.06.23"]
[EventType "match (corr)"]
[EventRounds "2"]
[EventCountry "GER"]
[SourceTitle "Telechess CBM 151"]
[Source "ChessBase"]
[SourceDate "2012.11.13"]
[SourceVersion "1"]
[SourceVersionDate "2012.11.13"]
[SourceQuality "1"]

1. e4 c5 2. Nf3 d6 3. d4 cxd4 4. Nxd4 Nf6 5. Nc3 a6 6. Be2 Nbd7 7. f4 g6 8. a4 Bg7 9. Be3 0-0 10. Nb3 b6 11. 0-0 Qc7 12. Qd3 Bb7 13. Rad1 Rfc8 14. Bf3 b5 15. axb5 axb5 16. Qxb5 Ba6 17. Qg5 Bxf1 18. Rxf1 Rab8 19. Rc1 e6 20. Nd1 Nb6 21. Bd4 Ne8 22. Bxg7 Nxg7 23. Nc3 Na4 24. Nxa4 Rxb3 0-1

[Event "OP-2011-0-01621"]
[Site "LSS email"]
[Date "2011.06.26"]
[Round "?"]
[White "Minte, Dieter"]
[Black "Padilla, Narciso"]
[Result "1-0"]
[WhiteElo "2230"]
[BlackElo "800"]
[PlyCount "35"]
[EventDate "2011.06.23"]
[EventType "tourn (corr)"]
[EventRounds "4"]
[EventCountry "GER"]
[SourceTitle "Telechess CBM 151"]
[Source "ChessBase"]
[SourceDate "2012.11.13"]
[SourceVersion "1"]
[SourceVersionDate "2012.11.13"]
[SourceQuality "1"]

1. d4 Nf6 2. c4 g6 3. Nc3 Bg7 4. e4 d6 5. Be2 0-0 6. Nf3 e5 7. dxe5 dxe5 8. Qxd8 Rxd8 9. Bg5 Re8 10. 0-0 Na6 11. Be3 Ng4 12. Bd2 Nf6 13. Ne1 Nc5 14. f3 Be6 15. Be3 Bf8 16. Nd5 Nxd5 17. cxd5 Bd7 18. Rc1 1-0